| 000 | 00881nam a2200253 i 4500 | ||
|---|---|---|---|
| 001 | 67483 | ||
| 003 | ES-MaACL | ||
| 005 | 20230906170100.0 | ||
| 007 | t| | ||
| 008 | 040823s2001 sp ||||0| spa d | ||
| 020 | _a84-95486-09-1 | ||
| 040 |
_aM-BN _bspa _cM-BN |
||
| 080 | _a821.134.2-22"16" | ||
| 100 | 1 |
_aZamora, Antonio de. _9117930 |
|
| 245 | 1 | 0 |
_aNo hay deuda que no se pague, y convidado de piedra / _cAntonio de Zamora ; edición y estudio, Ignacio Arellano. |
| 260 |
_aMadrid : _bSociedad Estatal España Nuevo Milenio, _c2001. |
||
| 300 |
_a227 p. ; _c24 cm. |
||
| 490 | 1 | _aMitos universales de la literatura española | |
| 700 | 1 |
_aArellano, Ignacio. _922580 |
|
| 710 | 2 |
_aSociedad Estatal España Nuevo Milenio. _96758 |
|
| 830 | 0 |
_aMitos universales de la literatura española _9183185 |
|
| 852 |
_aES-MaACL _jL-27718 _bR.133577 |
||
| 999 |
_c67483 _d67483 |
||